Education for Rural Development : Towards New Policy Responses /

Uloženo v:
Podrobná bibliografie
Hlavní autor: Atchoarena, David (coord. y ed.)
Další autoři: Gasperini, Lavinia (coordinación y edición) (coordinación y edición)
Médium: Kniha
Jazyk:angličtina
Vydáno: Roma, Italia : París, Francia : FAO ; UNESCO, International Institute for Educational Planning, 2003, c2003
Témata:
Tagy: Přidat tag
Žádné tagy, Buďte první, kdo vytvoří štítek k tomuto záznamu!

MARC

LEADER 00000nam^a2200000^a^4500
001 000192868
005 20250521000000.0
009 20260310102623.155
020 |a 95-5-104983-1 
020 |a 92-803-1220-0 
037 |a Acervo ITESO - Biblioteca 
041 |a ING 
082 |a 370. 19346  |b ATC 
100 |a Atchoarena, David  |e (coord. y ed.) 
245 1 0 |a Education for Rural Development :  |b Towards New Policy Responses /  |c Coord. y ed. de D. Atchoarena, L. Gasperini ; pról. de John H. Monyo, Gudmund Hernes. 
264 4 |a Roma, Italia :  |b FAO ;  |a París, Francia :  |b UNESCO, International Institute for Educational Planning,  |c 2003, c2003 
300 |a 406 p. 
336 |a texto  |b txt  |2 rdacontenido 
337 |a sin mediación  |b n  |2 rdamedio 
338 |a volumen  |b nc  |2 rdasoporte 
649 |a XX 
650 |a Educación Rural -  |x Tema Principal 
650 |a Desarrollo Rural -  |x Tema Principal 
650 |a Desarrollo Sustentable 
650 |a Problemas Sociales 
650 |a Política Educativa 
650 |a Educación 
700 |a Gasperini, Lavinia  |e (coordinación y edición) 
910 |a Fondo General 
920 |a Impresos - Libros 
930 |a Colección General 
905 |a 101 
901 |a 0500137071  |b IT1  |c ACC  |u 20250521 
902 |a https://opac.biblio.iteso.mx/vufind/Record/000192868